Avengers by Hint #2 - Statistics

General Stats
  • This quiz has been taken 51 times
  • The average score is 12 of 15
Answer Stats
Hint Avenger % Correct
Snapped Thanos and his army out of existence, mortally wounding him. Iron Man
100%
Lost an eye to the goddess of death, and was given one by a talking rabbit...er, raccoon. Thor
93%
Got infused with too much gamma radiation. Hulk
91%
From Queens. Spider-man
91%
Lost his arm after he fell from a train, and then lost the replacement arm after it was blown off by #1. Winter Soldier
91%
Was taken down by Spider-man in Captain America: Civil War using a method from Star Wars. Ant-man
88%
Had a child with #1 called Morgan. Pepper Potts
88%
Held the entire town of Westview in a hex, to create an alternate reality where she could spend time with Vision. Scarlet Witch
88%
"On your left." Falcon
84%
His family was killed by Ronan, under the command of Thanos, and he sought revenge against both of them. Drax
79%
Succeeded the previous as leader of New Asgard. Valkyrie
79%
Can emotionally connect with someone by touching them. Mantis
77%
A son of Ego with an inflated ego. Star-Lord
77%
Assists the previous, and is much better at boxing than him. Wasp
67%
Leader of the Jabari Tribe. M'Baku
56%
No matching quizzes found
Score Distribution
Percent of People with Each Score
Percentile by Number Answered
Your Score History
You have not taken this quiz